Acabado químico y galvanoplástico de los metales (Record no. 144465)

MARC details
000 -LEADER
campo de control de longitud fija 00733nam a2200217 4500
001 - NÚMERO DE CONTROL
campo de control 144465
003 - IDENTIFICADOR DE NÚMERO DE CONTROL
campo de control ES-MaACL
005 - FECHA Y HORA DE LA ÚLTIMA TRANSACCIÓN
campo de control 20230906201025.0
007 - CAMPO FIJO DE DESCRIPCIÓN FÍSICA--INFORMACIÓN GENERAL
campo de control de longitud fija t|
008 - DATOS DE LONGITUD FIJA--INFORMACIÓN GENERAL
campo de control de longitud fija 070214s1961 sp r ||||1| spa d
080 ## - NÚMERO DE LA CLASIFICACIÓN DECIMAL UNIVERSAL
Número de la Clasificación Decimal Universal 621.357.7
080 ## - NÚMERO DE LA CLASIFICACIÓN DECIMAL UNIVERSAL
Número de la Clasificación Decimal Universal 669.2/.7-16
100 1# - ENTRADA PRINCIPAL--NOMBRE DE PERSONA
Nombre de persona Silman, Harold.
9 (RLIN) 146566
245 10 - MENCIÓN DEL TÍTULO
Título Acabado químico y galvanoplástico de los metales
Resto del título : (cromado, niquelado, plateado...) /
Mención de responsabilidad, etc. H. Silman ; traducción de la segunda edición inglesa por Juan Balañá.
250 ## - MENCION DE EDICION
Mención de edición 2ª. ed. puesta al día.
260 ## - PUBLICACIÓN, DISTRIBUCIÓN, ETC.
Lugar de publicación, distribución, etc. Barcelona :
Nombre del editor, distribuidor, etc. José Montesó,
Fecha de publicación, distribución, etc. 1961.
300 ## - DESCRIPCIÓN FÍSICA
Extensión 626 p. :
Otras características físicas il. ;
Dimensiones 22 cm.
650 #4 - PUNTO DE ACCESO ADICIONAL DE MATERIA--TÉRMINO DE MATERIA
Término de materia o nombre geográfico como elemento de entrada Metales-
Subdivisión general Acabado.
9 (RLIN) 146567
700 1# - ENTRADA AGREGADA--NOMBRE PERSONAL
Nombre de persona Balañá, Juan.
9 (RLIN) 24820
852 ## - LOCALIZACIÓN
Ubicación ES-MaACL
Número de control de estantería C-9786
Sublocalización o colección R.38094
Holdings
Estatus retirado Estado de pérdida Estado de daño No para préstamo Biblioteca de origen Biblioteca actual Ubicación en estantería Fecha de adquisición Fuente de adquisición Total de préstamos Signatura topográfica completa Código de barras Visto por última vez Precio de reemplazo Tipo de ítem Koha
        Biblioteca del Ateneo de Madrid Biblioteca del Ateneo de Madrid Sala Palomar 17/01/2008     C-9786 1150306 23/02/2023 23/02/2023 Libro impreso